| 000 | 00796nam a22002417a 4500 | ||
|---|---|---|---|
| 999 |
_c10949 _d10949 |
||
| 003 | AR-CdUCM | ||
| 008 | 190402b ||||| |||| 00| 0 spa d | ||
| 040 |
_aMUNICIPALIDAD PROVINCIAL DEL CUSCO _cBIBLIOTECA MUNICIPAL DEL CUSCO |
||
| 082 |
_aEP / 372.460 / _bR63 |
||
| 100 |
_aDe los Rios, Carmen _927969 |
||
| 245 |
_aResplandor Lenguaje Bruño : _bTercer grado de educación primaria / |
||
| 260 |
_aLima : _bBruño, _c1942. |
||
| 300 |
_a172 paginas ; _bilustraciones, graficos, dibujos, cuadros, _c28 cm. |
||
| 440 |
_aResplandor _n3 _928028 |
||
| 500 | _aContenido: | ||
| 650 |
_aVocabulario _97962 |
||
| 650 |
_aComprension _927971 |
||
| 650 |
_aLenguaje _95227 |
||
| 650 |
_aTexto educativo _925832 |
||
| 700 |
_aSalcedo Tarrillo, Julio _927972 |
||
| 942 |
_2ddc _cLIBROS |
||
| 945 | _apjha | ||